لسان الميزان / (رقم التسجيلة. 178569)
[ عرض عادي ]
| 000 -LEADER | |
|---|---|
| fixed length control field | 01623namaa22003251i 4500 |
| 003 - CONTROL NUMBER IDENTIFIER | |
| control field | EG-GICUC |
| 005 - DATE AND TIME OF LATEST TRANSACTION | |
| control field | 20260217134217.0 |
| 008 - FIXED-LENGTH DATA ELEMENTS--GENERAL INFORMATION | |
| fixed length control field | 260217m19951996le ||||jr|||| 000 0 ara d |
| 040 ## - CATALOGING SOURCE | |
| Original cataloging agency | EG-GiCUC |
| Language of cataloging | ara |
| Transcribing agency | EG-GiCUC |
| Modifying agency | EG-GiCUC |
| Description conventions | rda |
| 082 04 - DEWEY DECIMAL CLASSIFICATION NUMBER | |
| Edition number | 21 |
| Classification number | 234.6 |
| Item number | H154l |
| 092 04 - LOCALLY ASSIGNED DEWEY CALL NUMBER (OCLC) | |
| Edition number | 21 |
| Classification number | 234.6 |
| Item number | H154l |
| 099 ## - LOCAL FREE-TEXT CALL NUMBER (OCLC) | |
| Classification number | 234.6 H154l |
| 100 1# - MAIN ENTRY--PERSONAL NAME | |
| Personal name | ابن حجر العسقلاني، أحمد بن علي، |
| Dates associated with a name | 1372-1449 |
| Relator term | مؤلف. |
| 245 1# - TITLE STATEMENT | |
| Title | لسان الميزان / |
| Statement of responsibility, etc. | للإمام العلامة الفريد فريد دهره ووحيد عصره شيخ الإسلام شهاب الدين أحمد بن على بن محمد بن محمد بن على بن أحمد الشهير ابن حجر العسقلانى ؛ حقق نصوصه وعلق عليه نسختين خطيتين مكتب التحقيق بإشراف محمد عبد الرحمن المرعشلى |
| 250 ## - EDITION STATEMENT | |
| Edition statement | الطبعة الاولى |
| 264 ## - PRODUCTION, PUBLICATION, DISTRIBUTION, MANUFACTURE, AND COPYRIGHT NOTICE | |
| Place of production, publication, distribution, manufacture | بيروت(لبنان) : |
| Name of producer, publisher, distributor, manufacturer | دار إحياء التراث العربى، |
| Date of production, publication, distribution, manufacture, or copyright notice | 1995-1996 |
| 300 ## - PHYSICAL DESCRIPTION | |
| Extent | ؛ 10 مجلدات |
| Dimensions | 24 سم |
| 336 ## - CONTENT TYPE | |
| Source | rdacontent |
| Content type term | text |
| 337 ## - MEDIA TYPE | |
| Source | rdamedia |
| Media type term | Unmediated |
| 338 ## - CARRIER TYPE | |
| Source | rdacarrier |
| Carrier type term | volume |
| 500 ## - GENERAL NOTE | |
| General note | المجلد العاشر (المقدمة) |
| 504 ## - BIBLIOGRAPHY, ETC. NOTE | |
| Bibliography, etc. note | يشتمل على ارجاعات ببليوجرافية |
| 541 ## - IMMEDIATE SOURCE OF ACQUISITION NOTE | |
| Source of acquisition | د. جابر عصفور ؛ |
| Address | القاهرة ؛ |
| Method of acquisition | إهداء ؛ |
| Date of acquisition | 2024. |
| 650 17 - SUBJECT ADDED ENTRY--TOPICAL TERM | |
| Topical term or geographic name entry element | الحديث |
| General subdivision | رواة الحديث |
| Source of heading or term | qrmak |
| 650 17 - SUBJECT ADDED ENTRY--TOPICAL TERM | |
| Topical term or geographic name entry element | طبقات رواة الحديث وحفاظه |
| Source of heading or term | qrmak |
| 651 1# - SUBJECT ADDED ENTRY--GEOGRAPHIC NAME | |
| Source of heading or term | qrmak |
| 700 1# - ADDED ENTRY--PERSONAL NAME | |
| Personal name | المرعشلى، محمد عبد الرحمن |
| Relator term | محقق. |
| 905 ## - Cataloger and Reviser Names | |
| Cataloger Name | Huda |
| 942 ## - ADDED ENTRY ELEMENTS (KOHA) | |
| Source of classification or shelving scheme | Dewey Decimal Classification |
| Koha item type | Books |
| Edition | 21 |
| Suppress in OPAC | No |
| Withdrawn status | Lost status | Source of classification or shelving scheme | Damaged status | Not for loan | Home library | Current library | Date acquired | Inventory number | Total checkouts | Full call number | Barcode | Date last seen | Price effective from | Koha item type |
|---|---|---|---|---|---|---|---|---|---|---|---|---|---|---|
| Dewey Decimal Classification | Not for loan | المكتبة المركزبة الجديدة - جامعة القاهرة | قاعة المكتبات المهداة - الدور الرابع | 17.02.2026 | 175124 | 234.6 H154l v.1 J.U. | 01000100175124001 | 17.02.2026 | 17.02.2026 | Books | ||||
| Dewey Decimal Classification | Not for loan | المكتبة المركزبة الجديدة - جامعة القاهرة | قاعة المكتبات المهداة - الدور الرابع | 17.02.2026 | 175124 | 234.6 H154l v.2 J.U. | 01000100175124002 | 17.02.2026 | 17.02.2026 | Books | ||||
| Dewey Decimal Classification | Not for loan | المكتبة المركزبة الجديدة - جامعة القاهرة | قاعة المكتبات المهداة - الدور الرابع | 17.02.2026 | 175124 | 234.6 H154l v.3 J.U. | 01000100175124003 | 17.02.2026 | 17.02.2026 | Books | ||||
| Dewey Decimal Classification | Not for loan | المكتبة المركزبة الجديدة - جامعة القاهرة | قاعة المكتبات المهداة - الدور الرابع | 17.02.2026 | 175124 | 234.6 H154l v.4 J.U. | 01000100175124004 | 17.02.2026 | 17.02.2026 | Books | ||||
| Dewey Decimal Classification | Not for loan | المكتبة المركزبة الجديدة - جامعة القاهرة | قاعة المكتبات المهداة - الدور الرابع | 17.02.2026 | 175124 | 234.6 H154l v.5 J.U. | 01000100175124005 | 17.02.2026 | 17.02.2026 | Books | ||||
| Dewey Decimal Classification | Not for loan | المكتبة المركزبة الجديدة - جامعة القاهرة | قاعة المكتبات المهداة - الدور الرابع | 17.02.2026 | 175124 | 234.6 H154l v.6 J.U. | 01000100175124006 | 17.02.2026 | 17.02.2026 | Books | ||||
| Dewey Decimal Classification | Not for loan | المكتبة المركزبة الجديدة - جامعة القاهرة | قاعة المكتبات المهداة - الدور الرابع | 17.02.2026 | 175124 | 234.6 H154l v.7 J.U. | 01000100175124007 | 17.02.2026 | 17.02.2026 | Books | ||||
| Dewey Decimal Classification | Not for loan | المكتبة المركزبة الجديدة - جامعة القاهرة | قاعة المكتبات المهداة - الدور الرابع | 17.02.2026 | 175124 | 234.6 H154l v.8 J.U. | 01000100175124008 | 17.02.2026 | 17.02.2026 | Books | ||||
| Dewey Decimal Classification | Not for loan | المكتبة المركزبة الجديدة - جامعة القاهرة | قاعة المكتبات المهداة - الدور الرابع | 17.02.2026 | 175124 | 234.6 H154l v.9 J.U. | 01000100175124009 | 17.02.2026 | 17.02.2026 | Books | ||||
| Dewey Decimal Classification | Not for loan | المكتبة المركزبة الجديدة - جامعة القاهرة | قاعة المكتبات المهداة - الدور الرابع | 17.02.2026 | 175124 | 234.6 H154l v.10 J.U. | 01000100175124010 | 17.02.2026 | 17.02.2026 | Books |